000 00326nam a2200133 i 4500
001 bg
100 1 _aŚPIEWLA, Edward
245 0 _aKształtowanie i ochrona środowiska człowieka /
_cE. Śpiewla.
260 _aLublin,
_c1979.
040 _cBPK
041 _apol
942 _cKS
008 s pl f |000 0 pol
999 _c20044
_d20044
856 _uhttp://koha.tu.koszalin.pl/cgi-bin/koha/opac-detail.pl?biblionumber=20044
_yKatalog online BPK